| 000 | 00489nam a2200181Ia 4500 | ||
|---|---|---|---|
| 008 | 151121s9999||||xx |||||||||||||| ||und|| | ||
| 082 | _a813/काळे | ||
| 082 | _bHNW-39171 | ||
| 100 | _aकाळे | ||
| 245 | _aकातळावरचे पाणी | ||
| 260 | _c-- | ||
| 300 | _a118 | ||
| 600 | _aकाळे | ||
| 630 | _aकातळावरचे पाणी | ||
| 700 | _aकाळे | ||
| 730 | _aकातळावरचे पाणी | ||
| 942 | _cBOOK | ||
| 999 |
_c1229519 _d1229516 |
||